000 00816na a2200277 4500
001 17259
003 MIRAKIL
005 20181213155122.0
008 161023b tu 000 0
020 _a9944439045
035 _a17259
040 _aMilas
_btur
_cTR-AnCHP
041 _atur
082 _a344.0102632
_bİ74 2006
090 _a344.0102632 İ74 2006
245 _aİş kanunu ve ilgili mevzuat
_cYayın danışmanları Ezel Demirkol, Oktay Ünlü
260 _aİstanbul
_bKardeş Hukuk Kitaplığı
_c2006
300 _a446 s.
_c14 sm.
490 _aKardeş Hukuk Kitaplığı
_v11
650 _aİş (Çalışma)
_xHukuk ve mevzuat
_zTürkiye
650 _aİş hukuku
_xKanunlar
_zTürkiye
657 _aİş Kanunu
700 _aÜnlü, Oktay
700 _aDemirkol, Ezel
942 _2ddc
_cBKS
999 _c6873
_d6873